Κατάλογος Βιβλιοθηκών Mediterranean College

Κτιριακές Κατασκευές / Τα Δομικά Στοιχεία και η Συναρμογή τους - Βασικές Αρχές της Σύγχρονης Δόμησης - Με 3800 Σχέδια (Record no. 1685)

MARC details
000 -LEADER
fixed length control field 01331cam a22002174a 4500
005 - ΗΜΕΡΟΜΗΝΙΑ ΚΑΙ ΩΡΑ ΤΕΛΕΥΤΑΙΑΣ ΕΝΗΜΕΡΩΣΗΣ
Πεδίο ελέγχου 20250605164016.0
008 - FIXED-LENGTH DATA ELEMENTS--GENERAL INFORMATION
Πεδίο ελέγχου σταθερού μήκους 250528s ||||||||||||||||||||||||d
035 ## - SYSTEM CONTROL NUMBER
System control number 16149
020 ## - ISBN
ISBN 3528688548
040 ## - ΠΗΓΗ ΚΑΤΑΛΟΓΟΓΡΑΦΗΣΗΣ
Φορέας πρωτότυπης καταλογογράφησης MC Athens Campus Library
Γλώσσα καταλογογράφησης Ελληνικά, Μοντέρνα (1453-)
Modifying agency MC Athens Campus Library
Κανόνες περιγραφικής καταλογογράφησης AACR2
245 1# - ΤΙΤΛΟΣ ΚΑΙ ΔΗΛΩΣΗ ΥΠΕΥΘΥΝΟΤΗΤΑΣ
Τίτλος Κτιριακές Κατασκευές / Τα Δομικά Στοιχεία και η Συναρμογή τους - Βασικές Αρχές της Σύγχρονης Δόμησης - Με 3800 Σχέδια
250 ## - EDITION STATEMENT
Edition statement
260 ## - PUBLICATION, DISTRIBUTION, ETC.
Name of publisher, distributor, etc. Γκιούρδας,
Date of publication, distribution, etc. 1994
300 ## - PHYSICAL DESCRIPTION
Extent 738
520 ## - SUMMARY, ETC.
Summary, etc. Το βιβλίο αυτό προσφέρει τόσο στον επαγγελματία όσο και στον σπουδαστή Αρχιτέκτονα ή Πολιτικό Μηχανικό, εποπτεία στα θέματα της σύγχρονης οικοδομικής. Περιέχει CD-ROM. Πρόλογος, Εισαγωγή, Θεμελίωση, Προστασία της Οικοδομής, Τοίχοι, Πατώματα, Σκάλες, Εξώστες και Ημιυπαίθριοι Χώροι, Ο Οργανισμός του Κτιρίου, Στέγες, Καπνοδόχοι και Θέρμανση, Ευρετήριο.
700 1# - ΠΡΟΣΘΕΤΗ ΑΝΑΓΡΑΦΗ--ΦΥΣΙΚΟ ΠΡΟΣΩΠΟ
Personal name Heene Andreas
9 (RLIN) 2193
700 1# - ΠΡΟΣΘΕΤΗ ΑΝΑΓΡΑΦΗ--ΦΥΣΙΚΟ ΠΡΟΣΩΠΟ
Personal name Schmitt Heinrich
9 (RLIN) 2194
942 ## - ADDED ENTRY ELEMENTS (KOHA)
Koha item type Books
Holdings
Τύπος τεκμηρίου Βιβλιοθήκη Τρέχουσα τοποθεσία Barcode Αριθμός εισαγωγής Ημερομηνία απόκτησης Ταξιθετικό σύμβολο Αριθμός αντιτύπου Κατάσταση απόσυρσης Κατάσταση χαμένου Κατάσταση κατεστραμμένου Μη δανεισμός Σύνολο δανεισμών Ημερομηνία τελευταίας εμφάνισης Η τιμή ισχύει από
Books MC Athens Campus Library MC Athens Campus Library 9780000016843 2788 05/06/2025 690 SCH 1           05/06/2025 05/06/2025

MC Athens Campus Library
Πατησίων 94 & Κοδριγκτώνος 13, 104 34
Πελλήνης 8 & Πατησίων 107, 112 51
Τ: +30 210 8899600

MC Thessaloniki Campus Library
Ίωνος Δραγούμη 21, 54625 | Ίωνος Δραγούμη 15, 54625
Τ: +30 2310 287779 – Τ: +30 2314 440300